[Event "Hoogeveen op 23rd"]
[Site "Hoogeveen"]
[Date "2019.10.23"]
[Round "6"]
[White "Vogel, Jaap"]
[Black "Merkon, Oseb"]
[Result "1-0"]
[WhiteElo "2123"]
[BlackElo "1930"]
[PlyCount "59"]
[EventDate "2019.10.19"]
[EventType "swiss"]
[EventRounds "9"]
[EventCountry "NED"]
[SourceTitle "CBM 192 Extra"]
[Source "Chessbase"]
[SourceDate "2019.11.06"]
[SourceVersion "1"]
[SourceVersionDate "2019.11.06"]
[SourceQuality "1"]

1. d4 Nf6 2. Nf3 g6 3. g3 Bg7 4. Bg2 0-0 5. 0-0 d6 6. c4 Nfd7 7. Nc3 Nc6 8. e3 e5 9. b3 f5 10. Bb2 g5 11. d5 Na5 12. Nd2 b6 13. b4 Nb7 14. f4 e4 15. Rb1 g4 16. Nb3 Nf6 17. Nd4 Qe8 18. Ncb5 Qf7 19. Ne6 Bxe6 20. dxe6 Qe7 21. Nd4 c5 22. Nxf5 Qxe6 23. Nxg7 Kxg7 24. f5 Qxc4 25. Qxg4+ Kf7 26. Qg5 Ke7 27. Qg7+ Qf7 28. Bxf6+ Ke8 29. Bxe4 Rb8 30. Bc6+ 1-0

[Event "Hoogeveen op 23rd"]
[Site "Hoogeveen"]
[Date "2019.10.19"]
[Round "1"]
[White "Vogel, Jaap"]
[Black "Sindarov, Javokhir"]
[Result "0-1"]
[WhiteElo "2123"]
[BlackElo "2513"]
[PlyCount "72"]
[EventDate "2019.10.19"]
[EventType "swiss"]
[EventRounds "9"]
[EventCountry "NED"]
[SourceTitle "CBM 192 Extra"]
[Source "Chessbase"]
[SourceDate "2019.11.06"]
[SourceVersion "1"]
[SourceVersionDate "2019.11.06"]
[SourceQuality "1"]

1. d4 Nf6 2. Nf3 g6 3. Bf4 Bg7 4. Nc3 d5 5. Nb5 Na6 6. h3 0-0 7. e3 c5 8. Be2 Qa5+ 9. c3 c4 10. a4 Bd7 11. 0-0 Ne4 12. Nd2 Nxd2 13. Qxd2 Rfc8 14. Bg5 f6 15. Bf4 Kh8 16. Bg3 f5 17. Bh4 Bxb5 18. axb5 Qxb5 19. b3 Qd7 20. bxc4 dxc4 21. Qa2 Nc7 22. Bxc4 b5 23. Bb3 a5 24. Qa3 Bf8 25. c4 a4 26. Ba2 bxc4 27. Bxc4 e6 28. Bf6+ Kg8 29. Qd3 Nd5 30. Be5 a3 31. Rfc1 Qc6 32. Qf1 Qb7 33. Rcb1 Qa7 34. Bxd5 exd5 35. Qb5 Qf7 36. Qb7 Rc1+ 0-1

[Event "Dieren op"]
[Site "Dieren"]
[Date "2019.07.31"]
[Round "8"]
[White "Ojas, Kulkarni"]
[Black "Vogel, Jaap"]
[Result "1-0"]
[WhiteElo "2251"]
[BlackElo "2126"]
[PlyCount "45"]
[EventDate "2019.07.23"]
[EventType "swiss"]
[EventRounds "9"]
[EventCountry "NED"]
[SourceTitle "CBM 191 Extra"]
[Source "ChessBase"]
[SourceDate "2019.09.30"]
[SourceVersion "1"]
[SourceVersionDate "2019.09.30"]
[SourceQuality "1"]

1. c4 e6 2. Nf3 f5 3. g3 Nf6 4. Bg2 c6 5. 0-0 d5 6. b3 Bd6 7. Bb2 0-0 8. d3 Nbd7 9. Nbd2 f4 10. d4 Ng4 11. h3 Ngf6 12. g4 Ne4 13. Nxe4 dxe4 14. Nd2 e3 15. Ne4 exf2+ 16. Rxf2 Be7 17. Qd2 g5 18. e3 fxe3 19. Qxe3 Rxf2 20. Qxf2 Qf8 21. Qe2 Qh6 22. Rf1 Qg6 23. Kh1 1-0

[Event "Utrecht OKU op 45th"]
[Site "Utrecht"]
[Date "2018.06.02"]
[Round "3"]
[White "Vogel, Jaap"]
[Black "Maris, Ivo"]
[Result "1/2-1/2"]
[WhiteElo "2152"]
[BlackElo "2342"]
[PlyCount "38"]
[EventDate "2018.06.01"]
[EventType "swiss"]
[EventRounds "6"]
[EventCountry "NED"]
[SourceTitle "CBM 184 Extra"]
[Source "ChessBase"]
[SourceDate "2018.06.28"]
[SourceVersion "1"]
[SourceVersionDate "2018.06.28"]
[SourceQuality "1"]

1. d4 Nf6 2. Nf3 e6 3. c4 c5 4. d5 b5 5. dxe6 fxe6 6. cxb5 d5 7. e3 Bd6 8. Be2 0-0 9. Nc3 Bb7 10. a4 e5 11. a5 a6 12. bxa6 Nxa6 13. e4 d4 14. Qb3+ Kh8 15. Qxb7 Nb4 16. 0-0 Rb8 17. Qa7 Ra8 18. Qb7 Rb8 19. Qa7 Ra8 1/2-1/2

[Event "Hoogeveen Unive op 20th"]
[Site "Hoogeveen"]
[Date "2016.10.18"]
[Round "4"]
[White "Heemskerk, Wim"]
[Black "Vogel, Jaap"]
[Result "1/2-1/2"]
[WhiteElo "2243"]
[BlackElo "2134"]
[PlyCount "28"]
[EventDate "2016.10.15"]
[EventType "swiss"]
[EventRounds "9"]
[EventCountry "NED"]
[SourceTitle "EXT 2017"]
[Source "ChessBase"]
[SourceDate "2016.10.25"]
[SourceVersion "1"]
[SourceVersionDate "2016.10.25"]
[SourceQuality "1"]

1. Nf3 d5 2. g3 Nf6 3. Bg2 c6 4. 0-0 Bf5 5. d3 h6 6. c4 e6 7. Nc3 dxc4 8. dxc4 Qxd1 9. Rxd1 Nbd7 10. Bf4 g5 11. Bd2 Bc2 12. Rdc1 Bg6 13. h4 g4 14. Nd4 e5 1/2-1/2

[Event "Hoogeveen Unive op 20th"]
[Site "Hoogeveen"]
[Date "2016.10.16"]
[Round "2"]
[White "Van Foreest, Lucas"]
[Black "Vogel, Jaap"]
[Result "1-0"]
[WhiteElo "2350"]
[BlackElo "2134"]
[PlyCount "55"]
[EventDate "2016.10.15"]
[EventType "swiss"]
[EventRounds "9"]
[EventCountry "NED"]
[SourceTitle "EXT 2017"]
[Source "ChessBase"]
[SourceDate "2016.10.25"]
[SourceVersion "1"]
[SourceVersionDate "2016.10.25"]
[SourceQuality "1"]

1. e4 e6 2. d4 d5 3. Nd2 Nf6 4. e5 Nfd7 5. c3 c5 6. Bd3 Nc6 7. Ne2 cxd4 8. cxd4 f6 9. exf6 Nxf6 10. 0-0 Bd6 11. Nf3 Qc7 12. Nc3 a6 13. Bd2 0-0 14. h3 Bd7 15. Re1 Rac8 16. Rc1 Qb8 17. Na4 Nb4 18. Rxc8 Bxc8 19. Bb1 Nc6 20. Nb6 Qc7 21. Nxc8 Qxc8 22. a3 Re8 23. Bc3 Bf4 24. Ne5 Nxe5 25. dxe5 Nd7 26. Qh5 Nf8 27. Bb4 g6 28. Qh4 1-0

[Event "WchT Seniors 65"]
[Site "Radebeul"]
[Date "2016.07.03"]
[Round "8.8"]
[White "Danner, Georg"]
[Black "Vogel, Jaap"]
[Result "1/2-1/2"]
[WhiteElo "2338"]
[BlackElo "2126"]
[PlyCount "109"]
[EventDate "2016.06.26"]
[EventType "team-swiss"]
[EventRounds "9"]
[EventCountry "GER"]
[SourceTitle "CBM 173 Extra"]
[Source "ChessBase"]
[SourceDate "2016.08.29"]
[SourceVersion "1"]
[SourceVersionDate "2016.08.29"]
[SourceQuality "1"]
[WhiteTeam "Austria"]
[BlackTeam "Oranje"]
[WhiteTeamCountry "AUT"]
[BlackTeamCountry "NED"]

1. d4 d5 2. Nf3 c6 3. c4 Nf6 4. e3 Bf5 5. Nc3 e6 6. Nh4 Bg6 7. g3 Nbd7 8. Qb3 Qb6 9. Nxg6 hxg6 10. Bg2 Be7 11. Qxb6 axb6 12. cxd5 exd5 13. f3 b5 14. e4 Nb6 15. e5 Nfd7 16. f4 Bb4 17. Ke2 Bxc3 18. bxc3 Ra4 19. Kd3 0-0 20. Rf1 Rfa8 21. Rf2 b4 22. cxb4 Rxb4 23. a3 Rb5 24. Bh3 Nf8 25. Bf1 Ne6 26. Rb2 Rxb2 27. Bxb2 Nc4 28. Bc1 b5 29. g4 g5 30. f5 Nf4+ 31. Kc3 Ra4 32. h4 f6 33. hxg5 fxe5 34. Bxf4 exf4 35. Bxc4 Rxc4+ 36. Kd3 Ra4 37. Re1 Rxa3+ 38. Kd2 Ra2+ 39. Kd3 f3 40. g6 Kf8 41. Rh1 f2 42. g5 Ke7 43. Ke3 b4 44. f6+ gxf6 45. g7 Kf7 46. gxf6 Ra8 47. Kxf2 Kxf6 48. Rb1 Kxg7 49. Rxb4 Kf6 50. Rb6 Kf5 51. Rxc6 Ke4 52. Rh6 Ra2+ 53. Ke1 Kxd4 54. Kd1 Kc4 55. Rh3 1/2-1/2

[Event "Hessen-ch Seniors op 12th"]
[Site "Bad Sooden-Allendorf"]
[Date "2016.05.08"]
[Round "8"]
[White "Ljubarskij, Jurij"]
[Black "Vogel, Jaap"]
[Result "1/2-1/2"]
[WhiteElo "2212"]
[BlackElo "2101"]
[PlyCount "110"]
[EventDate "2016.04.30"]
[EventType "swiss"]
[EventRounds "9"]
[EventCountry "GER"]
[SourceTitle "EXT 2019"]
[Source "ChessBase"]
[SourceDate "2018.10.10"]
[SourceVersion "1"]
[SourceVersionDate "2018.10.10"]
[SourceQuality "1"]

1. e4 e6 2. d3 d5 3. Nd2 Nf6 4. Ngf3 b6 5. g3 Bb7 6. e5 Nfd7 7. Bg2 c5 8. 0-0 Nc6 9. Re1 Qc7 10. Qe2 Be7 11. Nf1 h6 12. h4 b5 13. Bf4 Nb6 14. c3 a5 15. Ne3 Qd7 16. h5 c4 17. dxc4 Nxc4 18. Red1 Nxe3 19. Bxe3 Ba6 20. Qd2 b4 21. Bf1 Bxf1 22. Kxf1 Qb7 23. Rac1 b3 24. a4 Qa6+ 25. Qd3 0-0 26. c4 Nb4 27. Qxb3 Rfc8 28. Nd2 Rab8 29. Kg1 Nc6 30. Qa2 Nxe5 31. cxd5 Nd3 32. Rxc8+ Rxc8 33. dxe6 Qxe6 34. Qxe6 fxe6 35. b3 Nc1 36. Nf3 Nxb3 37. Rd7 Bf6 38. Rb7 Nc5 39. Rb5 Nxa4 40. Rxa5 Nc3 41. Ra7 Nd5 42. Bd4 Rc7 43. Ra6 Kf7 44. Kg2 Rd7 45. Be5 Ne7 46. g4 Rd5 47. Bf4 Rd7 48. Rd6 Rxd6 49. Bxd6 Nc6 50. Nd2 g6 51. hxg6+ Kxg6 52. f4 h5 53. gxh5+ Kxh5 54. Kf3 Kg6 55. Ke4 Kf7 1/2-1/2

[Event "Hessen-ch Seniors op 12th"]
[Site "Bad Sooden-Allendorf"]
[Date "2016.05.01"]
[Round "2"]
[White "Bachmann, Rolf"]
[Black "Vogel, Jaap"]
[Result "1/2-1/2"]
[WhiteElo "1957"]
[BlackElo "2101"]
[PlyCount "30"]
[EventDate "2016.04.30"]
[EventType "swiss"]
[EventRounds "9"]
[EventCountry "GER"]
[SourceTitle "EXT 2019"]
[Source "ChessBase"]
[SourceDate "2018.10.10"]
[SourceVersion "1"]
[SourceVersionDate "2018.10.10"]
[SourceQuality "1"]

1. d4 e6 2. c4 f5 3. Nf3 Nf6 4. Nc3 Bb4 5. Bd2 b6 6. e3 Bb7 7. Be2 0-0 8. 0-0 a5 9. a3 Be7 10. Ne5 d6 11. Nd3 g5 12. f3 Nbd7 13. b4 e5 14. Qb3 e4 15. Nf2 exf3 1/2-1/2

[Event "Groningen op-A 53rd"]
[Site "Groningen"]
[Date "2015.12.28"]
[Round "7"]
[White "Willemsma, Abe"]
[Black "Vogel, Jaap"]
[Result "1-0"]
[WhiteElo "2067"]
[BlackElo "2121"]
[PlyCount "51"]
[EventDate "2015.12.21"]
[EventType "swiss"]
[EventRounds "9"]
[EventCountry "NED"]
[SourceTitle "CBM 170 Extra"]
[Source "ChessBase"]
[SourceDate "2016.02.25"]
[SourceVersion "1"]
[SourceVersionDate "2016.02.25"]
[SourceQuality "1"]

1. e4 e6 2. d4 d5 3. Nd2 Nf6 4. e5 Nfd7 5. Bd3 c5 6. c3 Nc6 7. Ngf3 Qb6 8. 0-0 cxd4 9. c4 Ndxe5 10. cxd5 Nxf3+ 11. Nxf3 exd5 12. Re1+ Be6 13. Ng5 Be7 14. Nxe6 fxe6 15. Qh5+ g6 16. Bxg6+ Kd7 17. Bf7 Nd8 18. Rxe6 Nxe6 19. Qxd5+ Qd6 20. Bxe6+ Kd8 21. Qe4 Rf8 22. Bd2 Rf6 23. Re1 h6 24. f4 Ke8 25. f5 Rd8 26. Qg4 1-0